El libro de San Michele
Gardado en:
| Autor Principal: | |
|---|---|
| Formato: | Libro |
| Idioma: | Lingua castelá |
| Publicado: |
Santiago
Empresa Letras
1936
|
| Edición: | 6a. ed |
| Series: | Los Grandes Escritores
|
| Subjects: | |
| Tags: |
Engadir etiqueta
Sen Etiquetas, Sexa o primeiro en etiquetar este rexistro!
|
MARC
| LEADER | 00000nam a2200000 a 4500 | ||
|---|---|---|---|
| 001 | UCI5073 | ||
| 003 | CL-VaPUC | ||
| 008 | 080314e19360000CL |||||||||||||||||spa|d | ||
| 082 | 0 | 4 | |a 839.7 |b MUN |2 21 |
| 100 | |a Munthe, Axel |e autor |9 527163 | ||
| 245 | 1 | 3 | |a El libro de San Michele |
| 250 | |a 6a. ed | ||
| 300 | |a 434 p | ||
| 942 | |c BK | ||
| 945 | |d 20080314 00:00:00 |a rbrito | ||
| 260 | |a Santiago |b Empresa Letras |c 1936 | ||
| 500 | |a Donación Padres Capuchinos | ||
| 650 | 7 | |a NOVELAS SUECAS |2 CL-VaPUC |9 345411 | |
| 583 | |a last modification |c 20080314 00:00:00 |k Rodrigo Vera | ||
| 490 | 0 | |a Los Grandes Escritores | |
| 999 | |c 328836 |d 328834 | ||
| 952 | |0 0 |1 0 |4 0 |6 839_700000000000000_MUN_1936 |7 0 |8 X |9 413015 |a FDOBUD |b FDOBUD |d 2019-11-22 |i 4411617 |o 839.7 MUN 1936 |p 4411617 |r 2019-11-22 |w 2019-11-22 |y BK_X |k BUD | ||